00765 a2200193 4500999001900000005001700019010001500036020003000051035001400081037001300095082002100108100001700129245011900146260004500265270006800310300002200378942004000400952013100440 c183449d18344920211224161918.0 aENG-130638 a978-019-012-0696c1295.00 aEN-114170 bDBAD/PUB a306.630994095478 aAbreu, Savio aHeaven Gates And Hell's Flames:cSavio AbreubA Sociological Study of New Christian Movements in Contemporary Goa/ aNew DelhibOxford University Pressc2020 a22 Workspace, 2nd Floor, 1/22, Asaf Ali RoadbNew Delhie110002 a274p.c22cm (hbk) adplcEN2ddch306.630994095478mABR 001040708NFICaLbLd2021-12-24eDBAD/PUBg1295.00l0o306.630994095478 ABRpEN-114170r2021-12-24 00:00:00t1v1295.00yEN